Game of Thrones- Nicknames - Statistics

General Stats
  • This quiz has been taken 229 times
    199 since last reset
  • The average score is 22 of 43
Answer Stats
Nickname Name % Correct
The Young Wolf Robb Stark
92%
The Hound Sandor Clegane
91%
Littlefinger Petyr Baelish
90%
The Spider Varys
89%
The Imp Tyrion Lannister
88%
The Onion Knight Davos Seaworth
84%
The Breaker a
83%
Ice Eyes a
83%
The Shipwright a
83%
The Burner a
83%
The Bad a
83%
The Sweet a
83%
The Knight of Flowers Loras Tyrell
83%
The Mountain that Rides Gregor Clegane
80%
Queen of Thorns Olenna Tyrell (nee Redwyne)
79%
The White Wolf Jon Snow
78%
Kingslayer Jamie Lannister
77%
The Old Bear Jeor Mormont
74%
Blackfish Brynden Tully
70%
The Conquerer Aegon (III) Targaryen
67%
The Unworthy Aegon (IV) Targaryen
67%
The Builder Brandon Stark
65%
Crow's Eye Euron Greyjoy
62%
The Girl kissed by Fire Ygritte
55%
The Bold Barristan Selmy
54%
Bloodraven Brynden Rivers
34%
The Bitter Benjen Stark
28%
The King who Knelt Torrhen Stark
25%
The Iron Captain Victarion Greyjoy
25%
Damphair Aeron Greyjoy
23%
The Laughing Wolf Rickard Stark
23%
Sweet Robin Arryn
18%
Bronze Yohn Royce
16%
Lame Lothar Frey
13%
Fat Walda Frey
9%
Black Walder Rivers
9%
The Hungry Wolf Theon Stark
4%
Snowbeard Edrick Stark
1%
Old Kraken Loron Greyjoy
1%
The Bridegroom Edderion Stark
0%
The Spring King Edwyn Stark
0%
The Redarm Royce (IV) Bolton
0%
The Moon King Walton Stark
0%
No matching quizzes found
Score Distribution
Percent of People with Each Score
Percentile by Number Answered
Your Score History
You have not taken this quiz since the last reset